[Event "IECC Team FBIM email"]
[Site "UECC email"]
[Date "2000.??.??"]
[Round "10.20"]
[White "Glaser, Karel"]
[Black "Fernan, Antonio"]
[Result "1-0"]
[WhiteElo "2166"]
[BlackElo "1400"]
[PlyCount "29"]
[EventDate "2000.03.??"]
[EventType "team (corr)"]
[EventRounds "10"]
[SourceTitle "Corr 2002"]
[Source "ChessBase"]
[SourceDate "2002.05.23"]
[SourceVersion "1"]
[SourceVersionDate "2002.05.23"]
[SourceQuality "1"]

1. e4 c5 2. Nf3 Nc6 3. d4 cxd4 4. Nxd4 Nf6 5. Nc3 e5 6. Ndb5 d6 7. Bg5 a6 8. Na3 b5 9. Bxf6 gxf6 10. Nd5 f5 11. c3 Bg7 12. exf5 Bxf5 13. Nc2 0-0 14. a4 Be6 15. axb5 1-0